Trabajo y familia : hacia nuevas formas de conciliación con corresponsabilidad social /

Bibliographic Details
Format: Libro
Language:English
Published: Santiago, Chile OIT 2009

MARC

LEADER 00000cam a2200000 a 4500
001 000683
003 UAHC_CL
005 20170803115646.0
008 130926b xx j 000 1 eng
040 |a UAHC_CL  |c UAHC_CL  |d UAHC_CL 
245 1 0 |a Trabajo y familia :  |b hacia nuevas formas de conciliación con corresponsabilidad social /  |c OIT. 
260 |b OIT  |a Santiago, Chile  |c 2009 
300 |a 162 p. 
900 |a 10.10. PROTEC 
942 |c BK 
952 |0 0  |1 0  |4 0  |6 10_100000000000000__PROTEC  |7 0  |8 General  |9 1222  |a BC  |b BC  |c General  |d 2017-08-03  |l 0  |o 10.10. PROTEC  |p 215A  |q 2017-06-28  |r 2017-08-03 00:00:00  |t 1  |w 2017-08-03  |y BK 
999 |c 683  |d 683